00509nam a2200193 a 4500001001300000003000900013005001700022008004100039020001000080082001500090100002000105245003700125260004800162300000800210500003500218505002800253650001400281700002000295nice12345678IN_TiNIC20260116011424.0050524s1924 laha grc 000 0 49g  ac10000a232.3bGAI aGairdner, W H T aMasih Ki Maut Ke Mukhtalif Pehlu aLahorebPunjab Religious Booksociety c1924 a33p aincludes index and biblioraphy2 aHand Written Manuscript aAtonement1 aGairdner, W H T